000 00969nam a22002537a 4500
001 5002
003 FISKH
005 20241031114747.0
008 241031b cb ||||| |||| 00| 0 eng d
020 _a9780792234197
040 _aFISKH
_beng
_cFISKH
_dFISKH
050 _aQL644.C67
082 _a597.9
100 _aCraig, Claire
245 _aMy First Pocket Guide: Reptiles & Amphibians /
_cby Claire Craig
260 _aWashington :
_bNational Geographic Society ;
_c1996.
300 _a80 pages :
_bcolor illustrations ;
_c18 cm .
490 _aNational Geographic: My First Pocket Guide
520 _aExamines the characteristics and behavior of lizards, snakes, turtles, crocodiles, alligators, frogs, toads, and salamanders and discusses where to find them and what to look for such as size color, behavior and other features.
650 _aamphibians
_vnon-fiction
700 _aKirshner, David S.
_eillustrator
942 _2ddc
_cBK
_n0
999 _c5002
_d5002